Oxford handbook of U.S. national security (Record no. 1434618)
[ view plain ]
| 000 -LEADER | |
|---|---|
| fixed length control field | 00949nam a22002777a 4500 |
| 005 - DATE AND TIME OF LATEST TRANSACTION | |
| control field | 20250807155653.0 |
| 008 - FIXED-LENGTH DATA ELEMENTS--GENERAL INFORMATION | |
| fixed length control field | 250807b |||||||| |||| 00| 0 eng d |
| 020 ## - INTERNATIONAL STANDARD BOOK NUMBER | |
| International Standard Book Number | 978-0-19-068001-5 (hbk) |
| 037 ## - SOURCE OF ACQUISITION | |
| Terms of availability | REF |
| 040 ## - CATALOGING SOURCE | |
| Original cataloging agency | AL |
| Transcribing agency | AL |
| 041 ## - LANGUAGE CODE | |
| Source of code | ENG |
| Language code of text/sound track or separate title | ENG |
| 084 ## - COLON CLASSIFICATION NUMBER | |
| Classification number | V73:19(zP)g Q8 |
| Assigning agency | AL |
| 100 ## - MAIN ENTRY--PERSONAL NAME | |
| Personal name | Reveron, Derek S. |
| 9 (RLIN) | 817474 |
| 245 ## - TITLE STATEMENT | |
| Title | Oxford handbook of U.S. national security |
| 260 ## - PUBLICATION, DISTRIBUTION, ETC. | |
| Place of publication, distribution, etc. | Oxford, UK: |
| Name of publisher, distributor, etc. | Oxford University Press, |
| Date of publication, distribution, etc. | 2018. |
| 300 ## - PHYSICAL DESCRIPTION | |
| Extent | xx,677p. |
| 365 ## - TRADE PRICE | |
| Price amount | 7500.00 |
| Currency code | INR |
| 650 ## - SUBJECT ADDED ENTRY--TOPICAL TERM | |
| Topical term or geographic name entry element | UNITED STATES - HISTORY |
| 9 (RLIN) | 31585 |
| 650 ## - SUBJECT ADDED ENTRY--TOPICAL TERM | |
| Topical term or geographic name entry element | SECURITIES |
| 650 ## - SUBJECT ADDED ENTRY--TOPICAL TERM | |
| Topical term or geographic name entry element | UNITED STATES - FOREIGN RELATIONS |
| 9 (RLIN) | 32973 |
| 700 ## - ADDED ENTRY--PERSONAL NAME | |
| Personal name | Reveron, Derek S. |
| Relator term | Editor |
| 9 (RLIN) | 817474 |
| 700 ## - ADDED ENTRY--PERSONAL NAME | |
| Personal name | Gvosdev, Nikolas K. |
| Relator term | Editor |
| 9 (RLIN) | 817475 |
| 700 ## - ADDED ENTRY--PERSONAL NAME | |
| Personal name | Cloud, John A. |
| Relator term | Editor |
| 9 (RLIN) | 817476 |
| 942 ## - ADDED ENTRY ELEMENTS (KOHA) | |
| Source of classification or shelving scheme | Colon Classification (CC) |
| Koha item type | Reference |
| Classification part | V73:19(zP)g Q8 |
| Suppress in OPAC | No |
| Withdrawn status | Lost status | Source of classification or shelving scheme | Damaged status | Not for loan | Home library | Current library | Date acquired | Source of acquisition | Cost, normal purchase price | Inventory number | Total Checkouts | Full call number | Barcode | Date last seen | Price effective from | Koha item type |
|---|---|---|---|---|---|---|---|---|---|---|---|---|---|---|---|---|
| Colon Classification (CC) | Arts Library | Arts Library | 2025-08-07 | Kadmiel Solutions | 7500.00 | KS/2018-2019/082 & 15/01/2019 | V73:19(zP)g Q8 | AL1632670 | 2025-08-07 | 2025-08-07 | Reference |
